000
00250nam a22001097a 4500
008
170119b xxu||||| |||| 00| 0 eng d
020
_a
9780131180871
041
_a
eng
080
_2
7th
_a
618.2
245
_a
FIRST RESPONDER
_c
SHUTTS, P
942
_2
udc
_c
BK
999
_c
3197
_d
3197